000 01109cam a2200265 a 4500
005 20180409175615.0
008 141023s2012 xxuao frb 001 0 eng
020 _a9780230340909
040 _aCO-BoUCM
_cJose A. Gerena
_dJose A. Gerena
_bspa
041 0 _aeng
245 0 3 _aThe nuclear age in popular media
_ba transnational history, 1945-1965
_ceditado por Dick van Lente
260 _aNueva York (Estados Unidos)
_bPalgrave Macmillan
_c2012
300 _ax, 280 páginas
_bilustraciones, fotografías
490 0 _aPalgrave studies in the history of science & technology
504 _aIncluye referencias bibliográficas e índices
650 7 _aEnergía nuclear
_xHistoria
_914233
650 7 _aEnergía nuclear
_xAspectos sociales
_914233
650 7 _aEnergía nuclear
_xOpinión pública
_914233
650 7 _aEnergía nuclear
_xDesarrollo
_xHistoria
_914233
650 7 _aMedios de comunicación de masas
_919235
690 _942854
_aIngeniería
700 1 _aLente, Dick van
_eeditor
_965511
942 _2DEWEY
_a14
_cLIBRO
_e1
_h621.4809
_mN964
_n0
999 _c296792
_d296792